000 00762cam a22002055a 4500
001 L154861
008 120124s1960 xxk f 000 0 eng d
035 _a(Sirsi) u154861
041 0 _aeng
050 0 4 _a523 $2 18
110 2 _aInternational Society for Photogrammetry
_91323
111 2 _aInternational Society for Photogrammetry Ninth International Conference
_cLondon
_d5-22 September 1960
245 0 0 _aAerial triangulation
_bthe Commission III's general report
260 _aMilan
_bISP
_c1960
300 _a40p.
_bfold out tables
_c30cm.
520 _aReports on research on aerial triangulation carried out by means of a questionnaire sent to organisations across the world.
651 4 _aInternational
690 _aMeasurement
_96256
942 _n0
999 _c113206
_d113206